English : the easy way

Bibliographic Details
Main Author: Diamond, Harriet
Format: Book
Published: New York : Barron's , 1982
Subjects:

MARC

LEADER 00000cam a2200000 7i4500
001 0000038004
005 20131022.0
008 131022
020 |a 0764119753 
090 0 0 |a 428.2   |b DIA 
100 1 |a Diamond, Harriet 
245 1 0 |a English :   |b the easy way   |c Harriet Diamond and Phyllis Dutwin 
260 |a New York :   |b Barron's ,   |c 1982 
650 0 |a English language   |x Grammar   |x Problem, exercise 
650 0 |a English language   |x Usage   |x Problem, excercise 
999 |a 0001243710   |b Book   |c Adult Collection   |e Cawangan Mersing